000 01084nam a2200313 i 4500
003 EG-GICUC
005 20260218082502.0
008 260218s1886 fr ||||fr|||| 00| 0 fre d
040 _aEG-GiCUC
_bfre
_cEG-GiCUC
_dEG-GiCUC
_eRda
041 0 _afre
082 0 4 _221
_a341.48
_bDE . E
092 0 4 _221
099 _aLaw1 11 341.48 DE . E 1886
100 1 _aDe Neumann, Le Baron Leopold
_eAuteur
245 1 0 _aÉléments DU Droit Des Gens Moderne :
_bEuropéen /
_cPar Le Baron Leopold De Neumann,
264 1 _aParis :
_bArthur Rousseau,
_c1886.
300 _a332 page,
_c 24 cm.
336 _2rda contenu
_a texte
337 _2rda medias
_aOrdinateur
338 _2 transporteur rda
_a Ressource en ligne
500 _aTraduit De L'allemand Sur La 3 Edition Revue Et Augmentee Par M A De Riedmatten
504 _aComprend des références bibliographiques.
546 _aTexte en français
650 1 4 _aDroit international public
_2
651 1 _2
856 4 0 _uhttps://fll.law.cu.edu.eg/fulltext/bks/B11-08289.pdf
905 _a48
942 _2ddc
_cBK
_e21
_n0
999 _c63508
_d63508